Statistiques concernant Filmographie d'Elia Kazan

Cliquez ici pour prendre le quiz!

Statistiques générales

  • Ce quiz a été pris 7 fois
  • Le résultat moyen est 11 sur 19

Statistiques - réponses

HintRéponse% Correct
1955À l'est d'Eden (East of Eden)
100%
1963America, America
100%
1954Sur les quais (On the Waterfront)
100%
1956Baby Doll (Baby Doll)
83%
1961La Fièvre dans le sang (Splendor in the Grass)
83%
1976Le Dernier Nabab (The Last Tycoon)
83%
1959Le Fleuve sauvage (Wild River)
67%
1957Un homme dans la foule (A Face in the Crowd)
67%
1951Un tramway nommé Désir (A Streetcar Named Desire)
67%
1952Viva Zapata !
67%
1969L'Arrangement (The Arrangement)
50%
1947Le Mur invisible (Gentleman's Agreement)
50%
1972Les Visiteurs (The Visitors)
50%
1949L'Héritage de la chair (Pinky)
50%
1945Le Lys de Brooklyn (A Tree Grows in Brooklyn)
33%
1947Le Maître de la prairie (The Sea of Grass)
33%
1950Panique dans la rue (Panic in the Streets)
33%
1953Man on a Tightrope
17%
1947Boomerang !
0%

Distribution des résultats

Percentile par nombre de réponses

% des personnes avec chaque résultat

Votre développement - résultats

Vous n’avez pas pris ce quiz